000 00374nam a2200133Ia 4500
008 240624s9999 xx 000 0 und d
041 _aeng
082 _a332.10681 CHO
100 _aCHOUDHURY MORAD
245 _aBANK ASSET AND LIABILITY MANAGEMENT STRATEGY TRADING AND
260 _c2007
_aSingapore
_bJohn Wiley and Sons
300 _a1415 : p. : cm. ; 24
365 _c
_b30
999 _c14697
_d14697